000 00940nam0a22002291i 4500
001 rc\3687855
005 20240726023141.0
021 _aRU
_b[69-36888]
035 _a(NLR Aleph) 007755086
090 _a7305005
_c7305005
100 _a20130115d1969 |||y0rusy50 ca
101 0 _arus
102 _aRU
105 _ay d |||||
200 1 _aИсследование устойчивости опорных целиков и расчет их в функции времени
_e(На примере рудников Джезказгана)
_eАвтореф. дис. на соискание учен. степени канд. техн. наук
_e(311)
_fАН Кирг. ССР. Ин-т физики и механики горных пород
210 _aФрунзе
_d1969
215 _a32 с.
_cграф.
700 1 _aКапуль
_bВ.Я.
801 0 _aRU
_bNLR
_gpsbo
801 1 _aRU
_bELAR
_2rusmarc
852 _aNLR
_j69-4/18930
942 _cBOOK